| 000 | 00761nam a22002537a 4500 | ||
|---|---|---|---|
| 005 | 20170123162342.0 | ||
| 010 | _aA-842617 | ||
| 020 | _c00.00 | ||
| 035 | _aA-842617 | ||
| 037 | _bCen Lib/Ret | ||
| 040 |
_aDPL _bUR |
||
| 082 |
_a239.1 _bج و ش |
||
| 100 |
_aجوشی، مہیندرا سنگھ _9107774 |
||
| 245 |
_aآمریت نام / _cمہیندرا سنگھ جوشی |
||
| 246 |
_aAmrit naam / _bby Mahendra Singh Joshi |
||
| 260 |
_aبیاس _bرادھا سوامی ست سنگ _c1996 |
||
| 270 | _bبیاس | ||
| 300 |
_a360p. _c21cm(Hb) |
||
| 650 |
_aہندو مذہب _9127887 |
||
| 650 |
_aآمریت _9127888 |
||
| 650 |
_aHinduism _9127889 |
||
| 650 |
_aAmrit _9127890 |
||
| 942 |
_2ddc _cUR _h239.1 _mج و ش |
||
| 999 |
_c108623 _d108623 |
||